| 000 | 00910nam a22002777a 4500 | ||
|---|---|---|---|
| 001 | 9954 | ||
| 003 | FISKH | ||
| 005 | 20260319120015.0 | ||
| 008 | 260319b cb ||||| |||| 00| 0 eng d | ||
| 020 | _a9780689806209 | ||
| 040 |
_aFISKH _beng _cFISKH _dFISKH |
||
| 050 | _aPZ7 .B3435 .I | ||
| 082 | _a394.2 | ||
| 100 |
_aBaylor, Byrd _eAuthor |
||
| 245 |
_aI'm in charge of celebrations / _cby Byrd Baylor ; pictures by Peter Parnall |
||
| 260 |
_aNew York : _bAladdin Paperbacks , _c1995 |
||
| 300 |
_a28 unnumbered pages : _bcolor illustrations ; _c26 cm |
||
| 505 | _aR | ||
| 520 | _aA dweller in the desert celebrates a triple rainbow, a chance encounter with a coyote, and other wonders of the wilderness. | ||
| 521 | 8 |
_a700
_bLexile |
|
| 521 | 8 |
_aR
_bRaz-Plus |
|
| 650 |
_aFree verse poetry _vVisualizing |
||
| 700 |
_aParnall, Peter _eIllustrator |
||
| 942 |
_2ddc _cBK _n0 |
||
| 999 |
_c9954 _d9954 |
||